00465nam a2200181Ia 4500008004100000020001800041050001400059100002000073245004000093245005000133260001500183260001600198260000900214300001500223300002700238300001000265500000800275170918s9999 xx 000 0 und d a9780590980784 bR994 1991 aRylant, Cynthia aHenry and Mudge take the big test / cCynthia Rylant ; pictures by Sucie Stevenson. aNew York : bScholastic, c1991 a40 pages : bcolored illustration ; c21cm. a400